A survey of the New Testament (Record no. 332)

000 -LEADER
fixed length control field 00649nam a2200205 a 4500
001 - CONTROL NUMBER
control field :::00013485$&:&@@
003 - CONTROL NUMBER IDENTIFIER
control field OkBaRHE
005 - DATE AND TIME OF LATEST TRANSACTION
control field 20100323204035.0
008 - FIXED-LENGTH DATA ELEMENTS--GENERAL INFORMATION
fixed length control field s1981 j 000 0 eng u
020 ## - INTERNATIONAL STANDARD BOOK NUMBER
International Standard Book Number 0310254108
040 ## - CATALOGING SOURCE
Transcribing agency
100 1# - MAIN ENTRY--PERSONAL NAME
Personal name Gundry, Robert Horton.
245 12 - TITLE STATEMENT
Title A survey of the New Testament
Statement of responsibility, etc Robert H. Gundry.
250 ## - EDITION STATEMENT
Edition statement Rev. ed.
260 ## - PUBLICATION, DISTRIBUTION, ETC. (IMPRINT)
Place of publication, distribution, etc Grand Rapids, Mich.
Name of publisher, distributor, etc Zondervan Pub. House
Date of publication, distribution, etc 1981
300 ## - PHYSICAL DESCRIPTION
Extent 379 p. : ill. (some col.) ;
Dimensions 25 cm.
650 ## - SUBJECT ADDED ENTRY--TOPICAL TERM
Topical term or geographic name as entry element Bible. N.T. Text-books.
942 ## - ADDED ENTRY ELEMENTS (KOHA)
Source of classification or shelving scheme
Koha item type Books
Copies
Lost status Withdrawn status Source of classification or shelving scheme Copy number Collection code Barcode Date acquired Date last seen Price effective from Not for loan Permanent Location Damaged status Full call number Koha item type Shelving location
   1Reference134852010-04-142018-03-162010-04-14 RHEMA Bible Training College BS 2535.2 .G85BooksGeneral Stacks